Red tape buster (Record no. 117956)
[ view plain ]
| 000 -LEADER | |
|---|---|
| fixed length control field | 01194cam a2200193 4500 |
| 001 - CONTROL NUMBER | |
| control field | WB@3612-116 |
| 008 - FIXED-LENGTH DATA ELEMENTS--GENERAL INFORMATION | |
| fixed length control field | 040903n2004 000 0 eng u |
| 035 ## - SYSTEM CONTROL NUMBER | |
| System control number | (Sirsi) u127265 |
| 245 ## - TITLE STATEMENT | |
| Title | Red tape buster |
| 260 ## - PUBLICATION, DISTRIBUTION, ETC. | |
| Date of publication, distribution, etc. | 2004 |
| 490 ## - SERIES STATEMENT | |
| Series statement | LexisNexis Press Release |
| Volume/sequential designation | 20 August 2004 |
| 520 ## - SUMMARY, ETC. | |
| Summary, etc. | According to new research commissioned by LexisNexis, small businesses are losing 12 working weeks a year to red tape. The report, "Small business monitor: survey results: summer 2004", found that owner-managers of small firms (typically employing three or less people), are having to spend an average of almost 460 hours a year - equivalent to 61 working days - dealing with administration on official regulations, legislation and tax. Due to problems such as these, many small businesses cited red tape as the reason why they would not recommend someone to start their own business. A summary of the report and a link to the full one can be found at: http://ukredtapebuster.com/dl/RTB-cut-down.pdf. http://www.lexisnexis.co.uk/index.htm |
| 590 ## - LOCAL NOTE (RLIN) | |
| Local note | WB |
| 590 ## - LOCAL NOTE (RLIN) | |
| Local note | WB |
| 650 ## - SUBJECT ADDED ENTRY--TOPICAL TERM | |
| Topical term or geographic name entry element | SMALL BUSINESSES |
| 650 ## - SUBJECT ADDED ENTRY--TOPICAL TERM | |
| Topical term or geographic name entry element | REGULATIONS |
| 690 ## - LOCAL SUBJECT ADDED ENTRY--TOPICAL TERM (OCLC, RLIN) | |
| Topical term or geographic name as entry element | Business and management |
| 9 (RLIN) | 6226 |
| 942 ## - ADDED ENTRY ELEMENTS (KOHA) | |
| Suppress in OPAC | 0 |
| Withdrawn status | Lost status | Source of classification or shelving scheme | Damaged status | Not for loan | Home library | Current library | Shelving location | Date acquired | Total Checkouts | Full call number | Barcode | Date last seen | Copy number | Price effective from | Koha item type |
|---|---|---|---|---|---|---|---|---|---|---|---|---|---|---|---|
| Dewey Decimal Classification | London | London | News article | 03/09/2004 | WB403405 | 127265-1001 | 06/08/2019 | 1 | 06/08/2019 | News article |